000 00315nam a2200121Ia 4500
008 240731s9999 xx 000 0 und d
022 _a1469-9982
245 0 _aPeace Review : A Journal of Social Justice
260 _bRoutledge
856 _uhttps://www.tandfonline.com/loi/cper20
942 _2ddc
942 _cTFEJ
999 _c78880
_d78880
945 _a1
_bMadushi Gamage
_c1
_dMadushi Gamage